Statistics for Solve the Secret Capital City

Click here to take the quiz!

General Stats

  • This quiz has been taken 46,387 times
  • The average score is 16 of 27

Answer Stats

Capital % Correct
AILMBern
98%
HINSTUParis
94%
DEIKVLima
94%
EMORKiev
93%
ACIORRome
93%
AEGILRSLondon
83%
AAILMNTunis
80%
EELOSUCairo
74%
KAAACCRSAlgiers
71%
OAADEMMRSTJerusalem
67%
AACCRSeoul
66%
ABGKKNOCaracas
64%
BDILNUManila
63%
AIPRSAccra
57%
EHIIKLNSBangkok
57%
DEEIMNOOTVAmsterdam
56%
AEHNSTDublin
51%
AAEJORSVHelsinki
47%
AEGPRUMadrid
44%
IADDIMRAthens
44%
DLNNOOPrague
37%
NAABCENRRSarajevo
35%
ACEEGHNNOPMontevideo
29%
ABCEHRSTUCanberra
28%
AEEJLMRSUBucharest
21%
WCopenhagen
19%
WINDHOEK
12%

Score Distribution

Percentile by Number Answered

Percent of People with Each Score

Your Score History

You have not taken this quiz